000 00425cam a22001217a 4500
008 180718b1969 xxu||||| |||| 00| 0 eng d
082 _aA81x54 In2/61/16/Pt1A
100 _aCensus of India 1961
245 _aWest Bengal and Sikkim: general report population and society
260 _aDelhi
_bThe Manager of Publications
_c1969
300 _a516+p.
440 _aCensus of India 1961. Volume XVI, West Bengal and Sikkim. Part I-A
999 _c484609
_d484609